00799 a2200205 4500010001400000020002600014035001300040037001600053082001400069090001700083100001800100245009700118260004000215270008000255300002300335500005000358942002900408999001700437952013900454 aENG-89168 a9788178298306c495.00 aEN-72701 bDBAD / PUB14a320.80954 c10440d10440 aWidmalm, Sten1 aDecentralisation, corruption and social capital :cby Sten Widmalmbfrom India to the West / aNew DelhibSage Publicationsc2008 aB1/11, Mohan Cooperative Industrial Area, Mathura RoadbNew Delhie110 044 a229p.c21cm (Hb ) aIncludes bibliographical references and index adplcENk320.80954 / WID c10176d10176 00102ddc40718NFICaDBADbDBADeDBAD/PUBg495.00l0o320.80954 WIDpEN-72701r2008-09-15 00:00:00t1u11204v495.00w2008-09-15yEN